[Event "Chigorin Memorial 29th"]
[Site "St Petersburg"]
[Date "2022.10.28"]
[Round "7"]
[White "Antipov, Fedor"]
[Black "Tiulyagin, Matvey"]
[Result "1-0"]
[WhiteElo "1778"]
[BlackElo "1492"]
[PlyCount "89"]
[EventDate "2022.10.22"]
[EventType "swiss"]
[EventRounds "9"]
[EventCountry "RUS"]
[SourceTitle "EXT 2024"]
[Source "ChessBase"]
[SourceDate "2023.10.10"]
[SourceVersion "1"]
[SourceVersionDate "2023.10.10"]
[SourceQuality "1"]

1. e4 e6 2. d4 b6 3. Bd3 Bb7 4. Nf3 Nf6 5. Qe2 d5 6. e5 Ne4 7. Nbd2 Nxd2 8. Bxd2 c5 9. c3 Qc8 10. h4 Ba6 11. h5 Bxd3 12. Qxd3 Qa6 13. Qe3 Nc6 14. Qf4 h6 15. Rh3 cxd4 16. Nxd4 Nxd4 17. cxd4 Rc8 18. Rf3 Qb7 19. Bc3 b5 20. Rc1 Rc4 21. Kf1 a6 22. Kg1 Qc7 23. Bd2 Rg8 24. Rxc4 bxc4 25. b3 cxb3 26. Rc3 Qd8 27. Rxb3 Be7 28. Qg3 g5 29. hxg6 Rxg6 30. Qd3 Kf8 31. Qxa6 Kg7 32. Qa7 Bh4 33. Rb7 Bxf2+ 34. Kxf2 Qh4+ 35. Kg1 Rxg2+ 36. Kxg2 Qe4+ 37. Kf2 Qh4+ 38. Ke2 Qe4+ 39. Kd1 Qh1+ 40. Kc2 Qe4+ 41. Kc3 Qf3+ 42. Kb2 Qd1 43. Rxf7+ Kg6 44. Rf6+ Kh5 45. Qf7+ 1-0

[Event "Chigorin Memorial 29th"]
[Site "St Petersburg"]
[Date "2022.10.24"]
[Round "3"]
[White "Yakovlev, Ivan D"]
[Black "Tiulyagin, Matvey"]
[Result "0-1"]
[WhiteElo "1168"]
[BlackElo "1492"]
[PlyCount "116"]
[EventDate "2022.10.22"]
[EventType "swiss"]
[EventRounds "9"]
[EventCountry "RUS"]
[SourceTitle "EXT 2024"]
[Source "ChessBase"]
[SourceDate "2023.10.10"]
[SourceVersion "1"]
[SourceVersionDate "2023.10.10"]
[SourceQuality "1"]

1. d4 e6 2. c4 f5 3. Nf3 Nf6 4. e3 d5 5. Bd3 c6 6. 0-0 Bd6 7. Nc3 Ne4 8. c5 Bc7 9. Bd2 Nd7 10. b4 0-0 11. a4 e5 12. b5 exd4 13. exd4 Qf6 14. Qb3 Kh8 15. Ne2 Nxd2 16. Nxd2 Bxh2+ 17. Kxh2 Qh6+ 18. Kg1 Qxd2 19. Ng3 f4 20. Rad1 Qa5 21. Ne2 Qd8 22. Bc2 Qg5 23. Rd3 Nf6 24. g3 Bf5 25. Nxf4 Bxd3 26. Qxd3 Ne4 27. Ne6 Qd2 28. Nxf8 Rxf8 29. Qxd2 Nxd2 30. Rd1 Nf3+ 31. Kg2 g6 32. Rh1 Kg7 33. Bd1 Nxd4 34. bxc6 bxc6 35. Rh4 Ne6 36. Rh1 Nxc5 37. Re1 Kf6 38. Bc2 Ne6 39. Rb1 c5 40. Rb7 Rf7 41. Rb5 d4 42. Bb3 Rc7 43. Bc4 Ng5 44. Rb8 Ne4 45. Rf8+ Ke7 46. Rf7+ Kd6 47. Rf8 Nd2 48. Bb5 c4 49. Rd8+ Kc5 50. Re8 d3 51. Re1 Kd4 52. a5 c3 53. Ba4 c2 54. Rc1 Kc3 55. f3 Nb3 56. Bxb3 Kxb3 57. Kf2 d2 58. Ra1 d1Q 0-1

[Event "St Petersburg Amir Cup Rapid"]
[Site "St Petersburg"]
[Date "2021.05.22"]
[Round "1"]
[White "Kretov, Evgenij"]
[Black "Tiulyagin, Matvey"]
[Result "1/2-1/2"]
[WhiteElo "2269"]
[BlackElo "1277"]
[PlyCount "184"]
[EventDate "2021.05.22"]
[EventType "swiss (rapid)"]
[EventRounds "9"]
[EventCountry "RUS"]
[SourceTitle "CBM 202 Extra"]
[Source "ChessBase"]
[SourceDate "2021.07.31"]
[SourceVersion "1"]
[SourceVersionDate "2021.07.31"]
[SourceQuality "1"]

1. d4 f5 2. Nc3 e6 3. e4 fxe4 4. Nxe4 Nf6 5. Bg5 Be7 6. Bxf6 Bxf6 7. Nf3 0-0 8. Bd3 b6 9. Qe2 Bb7 10. c3 Qe7 11. h4 Nc6 12. 0-0-0 Rae8 13. g4 Qf7 14. Nfg5 Bxg5+ 15. hxg5 Ne7 16. Rxh7 Bxe4 17. Qxe4 Qf4+ 18. Rd2 Qxe4 19. Bxe4 Rf4 20. Bd3 Ref8 21. Rh2 Rxg4 22. Rd1 Rxg5 23. Kd2 Rg4 24. Rdh1 Kf7 25. Rh8 Rg8 26. Ke3 Nd5+ 27. Kf3 Rf4+ 28. Kg3 Rf6 29. Be4 Ne7 30. a4 Nf5+ 31. Kg2 Nh6 32. Rxg8 Kxg8 33. a5 Ng4 34. axb6 axb6 35. Bf3 Nh6 36. Ra1 Nf5 37. Be4 c6 38. Ra7 Rf7 39. b3 b5 40. Bd3 g6 41. Kf1 Ne3+ 42. Ke2 Nd5 43. c4 Nf4+ 44. Ke3 Nxd3 45. Kxd3 bxc4+ 46. bxc4 Kf8 47. Ke3 Ke7 48. Ra1 g5 49. Rg1 Rf5 50. Rh1 Kd6 51. c5+ Kc7 52. Rg1 d6 53. cxd6+ Kxd6 54. Ra1 e5 55. dxe5+ Rxe5+ 56. Kd3 Kd5 57. Ra8 Rf5 58. Rd8+ Kc5 59. Ke3 Rd5 60. Rc8 Re5+ 61. Kd3 Rf5 62. Ke3 Rf6 63. Rg8 Rf5 64. Rc8 Rd5 65. Ke4 Rd4+ 66. Ke3 Rf4 67. Rg8 Rf5 68. f3 Kc4 69. Ke4 Rf4+ 70. Ke3 Rf5 71. Ke4 Rd5 72. Ra8 Rd7 73. Rg8 Re7+ 74. Kf5 Rf7+ 75. Ke4 Rf4+ 76. Ke3 Rf5 77. Ke4 Rb5 78. Rc8 Rc5 79. Rb8 Kc3 80. Rb6 Kc4 81. Rb1 Ra5 82. Rc1+ Kb5 83. Kf5 Kb4+ 84. Kg4 c5 85. Kxg5 c4+ 86. Kg6 Kb3 87. f4 Kb4 88. f5 Kb3 89. f6 Ra6 90. Kg7 Rxf6 91. Kxf6 c3 92. Rxc3+ Kxc3 1/2-1/2